000 00537 a2200193 4500
005 20250417124816.0
008 241205b |||||||| |||| 00| 0 eng d
020 _a9789392790522
_cRs. 1395.00
040 _aMAIN
082 _a612.002479607
_bG15A
100 _aGnanavel, N S
245 _aAnatomy and physiology for physical education and sports science
260 _c2023
_aNew Delhi
_bSports Educational Technologies
300 _a247
650 _aAnatomy
650 _aPhysiology
650 _aSports Science
942 _cBK
999 _c359383
_d359383